Political and national life and affairs / (Record no. 136785)

MARC details
000 -LEADER
fixed length control field 00663nam a22002057a 4500
010 ## - LIBRARY OF CONGRESS CONTROL NUMBER
LC control number A-446986
035 ## - SYSTEM CONTROL NUMBER
System control number A-446986
037 ## - SOURCE OF ACQUISITION
Source of stock number/acquisition Cen Lib / Ret
040 ## - CATALOGING SOURCE
Original cataloging agency DPL
Language of cataloging EN
082 ## - DEWEY DECIMAL CLASSIFICATION NUMBER
Classification number 320.954
Item number GAN
100 ## - MAIN ENTRY--PERSONAL NAME
Personal name Gandhi, M. K.
245 ## - TITLE STATEMENT
Title Political and national life and affairs /
Statement of responsibility, etc by M. K. Gandhi ; edited by V. B. Kher
260 ## - PUBLICATION, DISTRIBUTION, ETC. (IMPRINT)
Place of publication, distribution, etc Ahmedabad
Name of publisher, distributor, etc Navajivan Publishing House
Date of publication, distribution, etc 1967
270 ## - ADDRESS
Address Navajivan Publishing House
City Ahmedabad
300 ## - PHYSICAL DESCRIPTION
Extent (v 1. lv, 204)
Other physical details 24cm(HB)
650 ## - SUBJECT ADDED ENTRY--TOPICAL TERM
Topical term or geographic name as entry element India -- Politics and government -- 1919-1947.
650 ## - SUBJECT ADDED ENTRY--TOPICAL TERM
Topical term or geographic name as entry element Politics and government
700 ## - ADDED ENTRY--PERSONAL NAME
Personal name Kher, V. B.
942 ## - ADDED ENTRY ELEMENTS (KOHA)
Source of classification or shelving scheme Dewey Decimal Classification
Koha item type English Books
Classification part 320.954
Call number suffix GAN
Holdings
Withdrawn status Lost status Materials specified (bound volume or other part) Damaged status Not for loan Home library Current library Date acquired Source of acquisition Total Checkouts Full call number Barcode Date last seen Date checked out Copy number Price effective from Koha item type
    v 1     Central Library Central Library 09/03/2016 Cen Lib/Ret 1 320.954 GAN A-446986 02/12/2018 25/11/2018 1 09/03/2016 English Books

© Delhi Public Library
Hit Counter
free hit counter